000 00262nam a2200121Ia 4500
082 _a618
_bO97C
100 _aCHIN
245 _aON CALL OBSTETRICS & GYNEACOLOGY
260 _bSAUNDERS
_aINDIA
_c1997
300 _a391
650 _aOBST. & GYNEA.
942 _2ddc
_cBK
999 _c1847
_d1847